000 04141nam a22002537a 4500
003 NALT
005 20251202093250.0
008 251126b th ||||| |||| 00| 0 tha d
040 _aNALT
086 _aสผ 76 7.5 003.54 2562
110 2 _aสำนักงานเลขาธิการสภาผู้แทนราษฎร
_bคณะทำงานพัฒนาเทคโนโลยีสารสนเทศเพื่อการสนับสนุนการปฏิบัติงานของสำนักกรรมาธิการ 1 สำนักกรรมาธิการ 2 และสำนักกรรมาธิการ 3.
_967081
245 1 0 _aรายงานของคณะทำงานพัฒนาเทคโนโลยีสารสนเทศเพื่อการสนับสนุนการปฏิบัติงานของสำนักกรรมาธิการ 1 สำนักกรรมาธิการ 2 และสำนักกรรมาธิการ 3 เสนอ คณะทำงานขับเคลื่อนยุทธศาสตร์เพื่อการพัฒนาของสำนักกรรมาธิการ 1 สำนักกรรมาธิการ 2 สำนักกรรมาธิการ 3 /
_cคณะทำงานพัฒนาเทคโนโลยีสารสนเทศเพื่อการสนับสนุนการปฏิบัติงานของสำนักกรรมาธิการ 1 สำนักกรรมาธิการ 2 และสำนักกรรมาธิการ 3 สำนักงานเลขาธิการสภาผู้แทนราษฎร
260 _aกรุงเทพฯ :
_bสำนักงานเลขาธิการสภาผู้แทนราษฎร,
_c2562.
300 _a68 หน้า :
_bภาพประกอบ, ตาราง ;
_c29 ซม.
505 2 _a1 ความเป็นมาและความสำคัญ -- 2. วัตถุประสงค์ -- 3. วิธีการดำเนินงาน -- 4. ประโยชน์ที่คาดว่าจะได้รับ -- 5. ผลการศึกษา -- 5.1 ระบบข้อมูลการประชุม -- 5.2 ระบบเว็บไซต์ของคณะกรรมาธิการ -- 5.3 ระบบบริหารจัดการเอกสารอิเล็กทรอนิกส์ (e-Document) -- 5.4 ระบบสารสนเทศด้านนิติบัญญัติ (LIS) -- 6. สรุปผลการศึกษา.
610 2 4 _aคณะทำงานพัฒนาเทคโนโลยีสารสนเทศเพื่อการสนับสนุนการปฏิบัติงานของสำนักกรรมาธิการ 1 สำนักกรรมาธิการ 2 และสำนักกรรมาธิการ 3 เสนอ คณะทำงานขับเคลื่อนยุทธศาสตร์เพื่อการพัฒนาของสำนักกรรมาธิการ 1 สำนักกรรมาธิการ 2 สำนักกรรมาธิการ 3
_xรายงาน
650 4 _aเทคโนโลยีสารสนเทศ
_xการพัฒนา
_967097
710 2 _aคณะทำงานพัฒนาเทคโนโลยีสารสนเทศเพื่อการสนับสนุนการปฏิบัติงานของสำนักกรรมาธิการ 1 สำนักกรรมาธิการ 2 และสำนักกรรมาธิการ 3.
_967096
942 _2local
_cPAR
996 _ajidapa.t
_bACQSTF
_c2025-11-26
996 _avaree.k
_bLIBSTF
_c2025-11-28
996 _ajamriang.p
_bCATSTF
_c2025-12-02
999 _c107535
_d107535
998 _j1020
_k นางจำเรียง ระวังสำโรง